000 03433nkm0a2200541 4500
001 RU\NLR\BIBL_A\022656621
005 20260405232620.0
035 _a(NLR Aleph) 022656621
071 5 0 _a6103
_d60 коп.
_915000
090 _a88987
_c88987
100 _a20251029d1943 u y0rusy50 ca
101 0 _arus
102 _aRU
116 _aiiycxx bf ad
135 _acrcn 024anaba
181 0 _ab4
_bxb2e
182 0 _an
200 1 _a...Удар по врагу с востока, со стороны Красной Армии впервые за время войны слился с ударом с запада, со стороны войк наших союзников - в единый общий удар. (Сталин)
_e[плакат]
_fхудожник Б. Ефимов
_gредактор И. Лившиц
203 _aИзображение
_bнеподвижное
_bдвухмерное
_bвизуальное
_cнепосредственное
210 _aМосква
_aЛенинград
_cИскусство
_d1943
_eМосква
_gТипо-литография Госпланиздата
215 _a1 л.
_cхромолитогр.
_d41,5х58
300 _aНа изобр. справа внизу факс. подписи художника и дата: "Бор Ефимов - 43."
300 _aВ вып. дан.: А38226 от 18/V 1943 г.; Заказ 382
301 _aИзд. номер: № 6103
325 _aКопия доступна в Электрон. б-ке РНБ
606 1 _aПлакат русский советский
_z1941 - 1945
_2nlr_sh2
_3RU\NLR\AUTH\661423877
_92387198
606 1 _aВеликая Отечественная война
_z1941 - 1945
_jПлакаты
_2nlr_sh1
_2nlr_sh2
_3RU\NLR\AUTH\668893
_9903571
606 1 _aСталинградская битва
_z1942 - 1943
_jПлакаты
_2nlr_sh2
_3RU\NLR\AUTH\661261857
_92085735
606 1 _aВторая мировая война
_z1939 - 1945
_xВоенные операции
_yТунис
_z1942 - 1943
_jПлакаты
_2nlr_sh2
_3RU\NLR\AUTH\661566821
_92630261
686 _aЩ153(2Р=Рус)7-466
700 1 _7ca
_8rus
_aЕфимов
_bБ. Е.
_cхудожник-карикатурист
_f1900-2008
_gБорис Ефимович
_3RU\NLR\AUTH\7731493
_4040
_914503
702 1 _8rus
_7ca
_aСталин
_bИ. В.
_f1879-1953
_gИосиф Виссарионович
_3RU\NLR\AUTH\773464
_4072
_9113460
712 0 2 _a"Искусство", издательство
_cМосква
_3RU\NLR\AUTH\8810147805
_9790084
712 0 2 _aГосударственное плановое издательство
_bТиполитография
_3RU\NLR\AUTH\880503991
_4610
_9667773
852 0 0 _aNLR
_bЭ
_jПлИр995/5-246
_mЭ035480
852 0 0 _aNLR
_bЭ
_jПлИр995/5-246
_mЭ035911
856 0 _uhttps://vivaldi.nlr.ru/la000070918/view
856 1 _uhttps://vivaldi.nlr.ru/la000070918/cover
856 2 _uhttps://vivaldi.nlr.ru/la000070918/text
901 _eИзографические материалы
942 _cVISUAL
945 _aРоссийская национальная библиотека
980 _aBV
980 _aNB
981 1 7 _a(17) Изографические материалы
_b(17) Плакаты